000 00730nam a2200253Ia 4500
003 OSt
005 20220918202052.0
006 a|||||r|||| 00| 0
007 ta
008 220917b |||||||| |||| 00| 0 eng d
024 _a98,511
037 _cTextual
040 _aARTS
_cARTS
_beng
041 _2eng
_aeng
082 _aV2:510gv3,4M93.N39<--N17, M7
100 _aMesbahuddin Ahmed
_9102069
245 0 _aBritish labour party and the Indian independence movement
260 _aNew Delhi
_bSterling
_c1987
300 _a215p.
_ccm.
500 _aBibliography p208
650 _aHISTORY
942 _hV2:510gv3,4M93.N39<--N17, M7
_cTEXL
_2CC
999 _c222102
_d222102